Highest capital cities - Statistics

General Stats
  • This quiz has been taken 36 times
  • The average score is 4 of 10
Answer Stats
Elevation City Country % Correct
11942 ft La Paz Bolivia
94%
9350 ft Quito Ecuador
71%
8612 ft Bogota Colombia
65%
7350 ft Mexico city Mexico
58%
8688ft Thimphu Bhutan
39%
7726 ft Addis Ababa Ethiopia
35%
5889 ft Nairobi Kenya
32%
6003 ft Tehran Iran
26%
7628 ft Asmara Eritrea
16%
7382 ft Sana'a Yemen
13%
No matching quizzes found
Score Distribution
Percent of People with Each Score
Percentile by Number Answered
Your Score History
You have not taken this quiz